Statistiques concernant Pays avec un ou plusieurs O

Cliquez ici pour prendre le quiz!

Statistiques générales

  • Ce quiz a été pris 1,427 fois
    (393 depuis la dernière actualisation)
  • Le résultat moyen est 60 sur 75

Statistiques - réponses

Nombre de O Pays % Correct
ONorvège
93%
OPortugal
93%
OOPologne
90%
OOColombie
89%
OBolivie
89%
ORoyaume-Uni
89%
OOORépublique démocratique du Congo
89%
OOCorée du Nord
88%
ORoumanie
88%
OJapon
88%
OORépublique du Congo
88%
OCorée du Sud
87%
OMaroc
87%
OCosta Rica
87%
OSlovénie
86%
OHonduras
86%
ORépublique dominicaine
86%
OPérou
86%
OOuganda
86%
OLaos
85%
OAndorre
84%
OOuzbékistan
84%
OSlovaquie
84%
OOMonaco
83%
OOman
83%
OJordanie
82%
ODominique
82%
OOOKosovo
82%
OMoldavie
82%
OOMonténégro
82%
ONouvelle-Zélande
81%
OSoudan
81%
OIndonésie
81%
OHongrie
81%
OLettonie
80%
OBiélorussie
80%
OArabie Saoudite
80%
OEstonie
80%
OSoudan du Sud
79%
OTonga
79%
OOBosnie-Herzégovine
79%
OOPapouasie-Nouvelle-Guinée
79%
OBhoutan
79%
OOMongolie
79%
OOTogo
78%
OCambodge
78%
OOCôte d'Ivoire
78%
OSomalie
78%
OGéorgie
77%
OSamoa
77%
OCroatie
77%
OAngola
77%
OCameroun
76%
OBotswana
76%
OSalvador
76%
OOComores
76%
OMozambique
76%
OOMacédoine du Nord
74%
OOSalomon
74%
OSaint-Christophe-et-Niévès
74%
OOLesotho
74%
OOTrinité-et-Tobago
73%
OPalaos
72%
OGabon
72%
OSierra Leone
71%
OGuinée équatoriale
71%
OOSao Tomé-et-Principe
71%
OLuxembourg
71%
OEthiopie
71%
OSingapour
70%
OOTimor oriental
70%
OMicronésie
68%
OBurkina Faso
68%
OKoweït
68%
ODjibouti
64%

Distribution des résultats

Percentile by Number Answered

% des personnes avec chaque résultat

Votre développement - résultats

Vous n’avez pas pris ce quiz depuis la dernière actualisation